Datum a čas kvízu
26.5
Celkem bodů
Celkový počet nahraných bodů na tomto kvízu bez doplňovacích otázek.
4.
Pořadí na kvízu
Konečné umístění týmu na tomto kvízu.
Zaznamenané odpovědi
| # | Otázka | Odpověď | Body | Výsledky |
|---|---|---|---|---|
| 1. | Ve čtvrtek byl představen nový... | JENDA | 0 | |
| 2. | Severokorejský vůdce Kim Čong-... | vítězství nad epidemií covidu-19 | 1 | |
| 3. | Britský hudebník, bývalý basky... | Roger Waters | 1 | |
| 4. | Senát Parlamentu České republi... | zákaz jednorázových plastových výrobků | 0 | |
| 5. | Fotbalová Sparta přivedla po s... | Jakub Jankto | 0 | |
| 6. | Následující otázky budou věnov... | C | 0 | |
| 7. | Nyní se přesuneme do knižního... | Michaela Klevisová | 0 | |
| 8. | První dračí lodě se objevily p... | 20 závodníků | 1 | |
| 9. | Dračí most, který vidíme na fo... | Lublaň | 1 | |
| 10. | V srpnu letošního roku bude mí... | Rod draka (House of the Dragon) | 0 |